Alpine Countries Flag-Shapes - Statistics

General Stats
  • This quiz has been taken 26 times
  • The average score is 8 of 8
Answer Stats
Picture Answer % Correct
France
100%
Germany
100%
Italy
100%
Slovenia
100%
Switzerland
100%
Austria
96%
Monaco
91%
Liechtenstein
87%
No matching quizzes found
Score Distribution
Percent of People with Each Score
Percentile by Number Answered
Your Score History
You have not taken this quiz